000 00258nam a2200109 4500
082 _aABD
100 _aAbdul Rahim
245 _aIslami Meeras me Khandani Mansoobabandi (urdu)
260 _aIslamabad:
_bUnited Nations,
_c1994.
300 _a507p. ;
942 _cBK
999 _c8831
_d8831